000 01257cam a22003497a 4500
003 CHAP
005 20220817043910.0
008 030623s2001 mx r 00010 spa d
010 _a87419
011 _a88391
035 _a98936
040 _cCHAP
090 _aTesis
100 0 0 _aEstrada Peña, Manuel.
_938426
245 1 0 _aBloque multinutricional con diferentes niveles de proteína no degradable como suplemento en la alimentación de ovinos
_c/por Manuel Estrada Peña
260 _aChapingo, Méx. :
_bEl autor,
_c2001.
300 _a76 h.
502 _aTesis (M.C. en Producción Animal) -- UACH. Departamento de Zootecnia
590 _aALEPH
_b10
_c20130110
_lUCH01
_h1454
590 _aBATCH-UPD
_b10
_c20130110
_lUCH01
_h0559
590 _aBATCH-UPD
_b10
_c20130410
_lUCH01
_h0240
590 _aBATCH-UPD
_b10
_c20130914
_lUCH01
_h1327
590 _aCONVERSION
_b10
_c20130109
_lUCH01
_h1348
650 1 4 _aGanado lanar
_xAlimentación.
_945153
650 1 4 _aProteínas en nutrición animal.
_992454
650 1 4 _aRumiantes
_xAlimentación.
901 _aBK
905 _aAlejandra Carrasco M.
942 _cFOLL
949 _aTesis
_bBC
_cTES
_d33724000897807
_eTS2
_fc.2
_h41229
_i98936
_sb
949 _aTesis
_bBC
_cTES
_d989361
_eTS1
_h41228
_i98936
_sb
999 _c87419
_d87419